00588cam a22002291 4500001001300000003000400013005001700017008004100034010001700075035002000092040001800112042001200130043001200142050001700154100002600171245005100197260001100248300002300259500001400282650004500296999001700341sa 63003948 DLC20260227111945.0890615s1962 ii 000 0 hino  asa 63003948  a(OCoLC)19876515 aDLCcWaUdDLC apremarc aa-ii---00aPK2031b.B531 aBhatnagar, Ram Ratan.10aHindī sāhitya kā saṅkshipta itihāsa. c[1962] a12, 404 p.c19 cm. aIn Hindi. 0aHindi literaturexHistory and criticism. c55379d55379